Electrónica digital: aplicaciones y problemas con VHDL
Saved in:
| Main Authors: | , , , |
|---|---|
| Format: | Bog |
| Sprog: | spansk |
| Udgivet: |
Madrid
Pearson Educación
2002
|
| Fag: | |
| Tags: |
Tilføj Tag
Ingen Tags, Vær først til at tagge denne postø!
|
MARC
| LEADER | 00000nam a2200000 a 4500 | ||
|---|---|---|---|
| 001 | UCM7311 | ||
| 003 | CL-VaPUC | ||
| 008 | 021213e20020000SP |||||||||||||||||spa|d | ||
| 082 | 0 | 4 | |a 621.395 |b ART |2 21 |
| 100 | 0 | |a Artigas Maestre, José Ignacio |e author |9 472870 | |
| 700 | 0 | |a Barragán Pérez, Luis Angel |e author |9 472871 | |
| 700 | 0 | |a Orrite Uruñuela, Carlos |e author |9 472872 | |
| 700 | 0 | |a Urriza PArroqué, Isidro |e author |9 472873 | |
| 245 | 1 | 0 | |a Electrónica digital: aplicaciones y problemas con VHDL |
| 300 | |a 412 p | ||
| 942 | |c BK | ||
| 945 | |d 20021213 00:00:00 |a vberengu | ||
| 260 | |a Madrid |b Pearson Educación |c 2002 | ||
| 650 | 0 | |a Electrónica digital |9 263160 | |
| 650 | 0 | |a Circuitos lógicos |9 263161 | |
| 650 | 0 | |a Sistemas digitales |9 435618 | |
| 650 | 0 | |a VHDL (Lenguaje de descripción de hardware de computadora) |9 472452 | |
| 583 | |a last modification |c 20021213 00:00:00 |k Rodrigo Vera | ||
| 999 | |c 302158 |d 302156 | ||
| 952 | |0 0 |1 0 |2 ddc |4 0 |6 621_395000000000000_ART_2002 |7 0 |8 A |9 362220 |a BIBING |b BIBING |c RES |d 2019-11-21 |i 3861554 |o 621.395 ART 2002 |p 3861554 |r 2025-01-20 |w 2019-11-21 |y BK |k EIE | ||